000 00298nam a22001337a 4500
008 170608b xxu||||| |||| 00| 0 eng d
020 _a9780070433069
041 _aeng
080 _a327
100 _a18
101 _aSHP
245 _aPOLITICS AMONG NATIONS
_cMORGENTHAN.H.J
942 _2udc
_cBK
999 _c16564
_d16564